| 000 | 00432 a2200181 4500 | ||
|---|---|---|---|
| 003 | NUST | ||
| 005 | 20221206135707.0 | ||
| 020 | _a067870110 | ||
| 040 | _cNust | ||
| 082 | _a158,BON | ||
| 100 |
_aDono's, De Edward _9104273 |
||
| 245 |
_aTextbook of Wisdom / _cEdward de bonus |
||
| 260 |
_aLondon _bViking _c1996 |
||
| 300 | _a279 p.: | ||
| 505 | _aContents not avilable | ||
| 650 |
_aWisdom _960670 |
||
| 942 |
_2ddc _cBK _k158,BON |
||
| 999 |
_c176885 _d176885 |
||